| 000 | 00468nam a22002051a 4500 | ||
|---|---|---|---|
| 001 | 758 | ||
| 003 | OSt | ||
| 005 | 20260204211708.0 | ||
| 008 | 040114s1997||||sp ||||||b||||||||||spa|| | ||
| 020 | _a8475095313 | ||
| 050 | _a375 K635c | ||
| 082 | _a375 K635c | ||
| 100 | _aKirk, Gordon | ||
| 245 | _aEl curriculum básico / Gordon Kirk | ||
| 264 | _aEspaña : Paidos | ||
| 300 | _a119 p. | ||
| 500 | _aIncluye indice. | ||
| 650 | _a1.CurriculumÌ | ||
| 942 |
_2ddc _cBK |
||
| 999 |
_c758 _d758 |
||